00559nam a22001817a 450000500170000001000130001702000260003003500130005603700100006908200120007924500900009125000130018126000410019427000610023530000390029650000200033570000220035520110927113736.0 aG-001582 c615.00a97881317287721daG-001582 bGift  a658.049 aInternational business:cby John D. Daniels...(et all)benvironments and operations / a12th ed. aNew Delhi bPearson Education c2010 a11 Community Centre, Panchsheel ParkbNew Delhi e110017 axxxviii, 878p. c28cm(pbk) bill.  aIncludes index  aDaniels, John D.